00597nam a2200181Ia 4500003000900000008004100009040001600050080001900066245011500085260003600200300001400236650004100250650002600291650002900317700002400346700002400370700002100394IN-BaIIA211028s9999 xx 000 0 eng d cIIA Library a(05)52bANN-10 0aAnnual review of astronomy and astrophysicsbvol. 10cedited by Leo Goldberg, David Layzer and John G. Philips aPalo AltobAnnual Reviewsc1972 aix, 513p. aAstronomy and astrophysics thesaurus aAstronomy-Periodicals aAstrophysics-Periodicals aGoldberg, Leo., ed. aLayzer, David., ed. aPhilips, G., ed.